| Tag |
First Indicator |
Second Indicator |
Subfields |
| LEADER |
00000cem a2200000 i 4500 |
| 001 |
in00004358613 |
| 005 |
20210422110556.0 |
| 007 |
aj canzn |
| 008 |
200825s2020 gauabg cc a f 1 eng c |
| 020 |
|
|
|a 9781593516697
|
| 020 |
|
|
|a 159351669X
|
| 034 |
1 |
|
|a a
|b 24000
|d W0834230
|e W0833230
|f N0375500
|g N0374500
|
| 035 |
|
|
|a (OCoLC)on1190698904
|
| 035 |
|
|
|a (OCoLC)1190698904
|
| 040 |
|
|
|a GPO
|b eng
|e rda
|c GPO
|d GPO
|d OCLCF
|d VCV
|d TXA
|d UtOrBLW
|
| 042 |
|
|
|a pcc
|
| 043 |
|
|
|a n-us-ky
|
| 049 |
|
|
|a TXAM
|
| 050 |
|
4 |
|a G3952.R4E63 2020
|b .U5
|
| 052 |
|
|
|a 3952
|b R4
|
| 074 |
|
|
|a 0086-C-05
|
| 086 |
0 |
|
|a A 13.36/2-6:R 24/2020
|
| 110 |
1 |
|
|a United States.
|b Forest Service.
|b Southern Region,
|e cartographer.
|0 http://id.loc.gov/authorities/names/n81015539
|
| 245 |
1 |
0 |
|a Red River Gorge geological area, Daniel Boone National Forest, Kentucky.
|
| 250 |
|
|
|a Revised June 2020.
|
| 255 |
|
|
|a Scale 1:24,000 ;
|b Lambert conformal conic projection
|c (W 83°42ʹ30ʺ--W 83°32ʹ30ʺ/N 37°55ʹ00ʺ--N 37°45ʹ00ʺ).
|
| 264 |
|
1 |
|a Atlanta, Ga. :
|b U.S. Department of Agriculture, Forest Service, Southern Region,
|c 2020.
|
| 300 |
|
|
|a 1 map :
|b color ;
|c 90 x 73 cm, folded to 23 x 11 cm
|
| 336 |
|
|
|a cartographic image
|b cri
|2 rdacontent
|
| 337 |
|
|
|a unmediated
|b n
|2 rdamedia
|
| 338 |
|
|
|a sheet
|b nb
|2 rdacarrier
|
| 490 |
1 |
|
|a R8-RG ;
|v 230
|
| 500 |
|
|
|a Relief shown by contours, shading, and spot heights.
|
| 500 |
|
|
|a "Constructed 2006 ... Revised in the Regional Office and reviewed by the Daniel Boone NF in 2020."
|
| 500 |
|
|
|a Shipping list number: 2020-0229-P.
|
| 500 |
|
|
|a Inset: [Big Branch canoe launch]. Scale not given.
|
| 500 |
|
|
|a Includes recreation site index, descriptive list of trails and trail mileages, index to topographic maps, and vicinity map.
|
| 500 |
|
|
|a Text, recreation information, location map, and color illustrations on verso.
|
| 651 |
|
0 |
|a Red River Gorge (Ky.)
|v Maps.
|
| 650 |
|
0 |
|a Outdoor recreation
|z Kentucky
|z Red River Gorge
|v Maps.
|
| 650 |
|
0 |
|a Trails
|z Kentucky
|z Red River Gorge
|v Maps.
|
| 650 |
|
7 |
|a Outdoor recreation.
|2 fast
|0 (OCoLC)fst01049159
|
| 650 |
|
7 |
|a Trails.
|2 fast
|0 (OCoLC)fst01154418
|
| 651 |
|
7 |
|a Kentucky
|z Red River Gorge.
|2 fast
|0 (OCoLC)fst01240410
|
| 655 |
|
7 |
|a Maps.
|2 fast
|0 (OCoLC)fst01423704
|
| 830 |
|
0 |
|a Recreation guide R8 (Atlanta, Ga. : 1990) ;
|v 230.
|0 http://id.loc.gov/authorities/names/no91003614
|
| 994 |
|
|
|a C0
|b TXA
|
| 948 |
|
|
|a cataloged
|b h
|c 2020/12/09
|d c
|e Hpaluszak
|f 02:13:17 pm
|
| 999 |
f |
f |
|s 45d0a591-8ec3-3773-a2e3-1d0c72005d46
|i 3c6fbec4-7912-32a1-bdf6-63134cb97f18
|t 0
|
| 952 |
f |
f |
|p normal
|a Texas A&M University
|b College Station
|c Sterling C. Evans Library
|d Evans: Maps File (2nd floor)
|t 0
|e A 13.36/2-6:R 24/2020
|h Superintendent of Documents classification
|i unmediated -- sheet
|m A14843660235
|
| 998 |
f |
f |
|a A 13.36/2-6:R 24/2020
|t 0
|l Evans: Maps File (2nd floor)
|